ბათუმის შოთა რუსთაველის სახელმწიფო უნივერსიტეტის ბიბლიოთეკა

მე შემოდგომის ბაღში ვიყავი. (ბიბ.ჩანაწერი № 48526)

000 -LEADER
fixed length control field 00849nam a2200241Ia 4500
001 - CONTROL NUMBER
control field 15423
003 - CONTROL NUMBER IDENTIFIER
control field GE_BSU
008 - FIXED-LENGTH DATA ELEMENTS--GENERAL INFORMATION
fixed length control field 181216s||||||||xx |||||||||||||| ||und||
020 ## - INTERNATIONAL STANDARD BOOK NUMBER
International Standard Book Number 5529003923
040 ## - CATALOGING SOURCE
Transcribing agency GE_BSU
080 ## - UNIVERSAL DECIMAL CLASSIFICATION NUMBER
Universal Decimal Classification number 821.353.1-1
100 ## - MAIN ENTRY--PERSONAL NAME
Personal name ჩანტლაძე,შოთა
245 ## - TITLE STATEMENT
Title მე შემოდგომის ბაღში ვიყავი.
245 ## - TITLE STATEMENT
Remainder of title ლექსები. მოთხრობები
245 ## - TITLE STATEMENT
Statement of responsibility, etc. რედ.ე.ფალიანი. მხატვ.გ.ბუღაძე
260 ## - PUBLICATION, DISTRIBUTION, ETC.
Place of publication, distribution, etc. თბილისი
260 ## - PUBLICATION, DISTRIBUTION, ETC.
Name of publisher, distributor, etc. საქართველო
260 ## - PUBLICATION, DISTRIBUTION, ETC.
Date of publication, distribution, etc. 1992
300 ## - PHYSICAL DESCRIPTION
Extent 248გვ.2სმ.
653 ## - INDEX TERM--UNCONTROLLED
Uncontrolled term ლექსები. მოთხრობები
653 ## - INDEX TERM--UNCONTROLLED
Uncontrolled term მე შემოდგომის ბაღში ვიყავი.
942 ## - ADDED ENTRY ELEMENTS (KOHA)
Koha item type წიგნი
ეგზემპლარები
Withdrawn status Lost status Damaged status Not for loan Date acquired Barcode Date last seen Price effective from Koha item type
        2018-12-17 38397 2018-12-17 2018-12-17 წიგნი
        2018-12-17 38398 2018-12-17 2018-12-17 წიგნი